<?xml version="1.0" encoding="UTF-8"?>
<record
    xmlns:xsi="http://www.w3.org/2001/XMLSchema-instance"
    xsi:schemaLocation="http://www.loc.gov/MARC21/slim http://www.loc.gov/standards/marcxml/schema/MARC21slim.xsd"
    xmlns="http://www.loc.gov/MARC21/slim">

  <leader>00667nam a22002417a 4500</leader>
  <controlfield tag="003">UA-OsUOA</controlfield>
  <controlfield tag="001"> 75819 </controlfield>
  <controlfield tag="007">ta</controlfield>
  <controlfield tag="008">20110601b un ||||| |||| 00| 0 ukr d</controlfield>
  <datafield tag="100" ind1=" " ind2=" ">
    <subfield code="a">&#x413;&#x43E;&#x440;&#x434;&#x43E;&#x432;&#x430; &#x422;.</subfield>
  </datafield>
  <datafield tag="090" ind1=" " ind2=" ">
    <subfield code="a">745.5(477)</subfield>
    <subfield code="b">&#x413;68</subfield>
  </datafield>
  <datafield tag="942" ind1=" " ind2=" ">
    <subfield code="c">BK</subfield>
  </datafield>
  <datafield tag="040" ind1=" " ind2=" ">
    <subfield code="a">UA-OsUOA</subfield>
    <subfield code="b">ukr</subfield>
    <subfield code="c">UA-OsUOA</subfield>
    <subfield code="d">UA-OsUOA</subfield>
  </datafield>
  <datafield tag="245" ind1=" " ind2=" ">
    <subfield code="a">&#x414;&#x435;&#x43A;&#x43E;&#x440;&#x430;&#x442;&#x438;&#x432;&#x43D;&#x438;&#x439; &#x440;&#x43E;&#x437;&#x43F;&#x438;&#x441;. &#x41C;&#x430;&#x43B;&#x44F;&#x440;&#x441;&#x442;&#x432;&#x43E;. &#x41F;&#x438;&#x441;&#x430;&#x43D;&#x43A;&#x438;</subfield>
    <subfield code="b">&#x430;&#x43B;&#x44C;&#x431;&#x43E;&#x43C;</subfield>
  </datafield>
  <datafield tag="300" ind1=" " ind2=" ">
    <subfield code="a">48 &#x441;.</subfield>
  </datafield>
  <datafield tag="955" ind1=" " ind2=" ">
    <subfield code="a">2</subfield>
  </datafield>
  <datafield tag="041" ind1=" " ind2=" ">
    <subfield code="a">ukr</subfield>
  </datafield>
  <datafield tag="080" ind1=" " ind2=" ">
    <subfield code="a">745.5(477)</subfield>
  </datafield>
  <datafield tag="020" ind1=" " ind2=" ">
    <subfield code="a">966-95229-6-&#x425;</subfield>
  </datafield>
  <datafield tag="260" ind1=" " ind2=" ">
    <subfield code="a">&#x41A;.</subfield>
    <subfield code="b">&#x411;&#x43E;&#x43D;&#x430; &#x41C;&#x435;&#x43D;&#x442;&#x435;</subfield>
    <subfield code="c">2001</subfield>
  </datafield>
  <datafield tag="650" ind1=" " ind2="7">
    <subfield code="a">745 &#x425;&#x443;&#x434;&#x43E;&#x436;&#x43D;&#x456; &#x440;&#x435;&#x43C;&#x435;&#x441;&#x43B;&#x430;, &#x43F;&#x440;&#x43E;&#x43C;&#x438;&#x441;&#x43B;&#x438;</subfield>
    <subfield code="2">UDC</subfield>
  </datafield>
  <datafield tag="999" ind1=" " ind2=" ">
    <subfield code="c">362117</subfield>
    <subfield code="d">362117</subfield>
  </datafield>
  <datafield tag="952" ind1=" " ind2=" ">
    <subfield code="0">0</subfield>
    <subfield code="1">0</subfield>
    <subfield code="2">udc</subfield>
    <subfield code="4">0</subfield>
    <subfield code="7">0</subfield>
    <subfield code="8">C_ZHULYNSKYI</subfield>
    <subfield code="a">102</subfield>
    <subfield code="b">102</subfield>
    <subfield code="d">2011-06-01</subfield>
    <subfield code="e">69/2011</subfield>
    <subfield code="g">15.00</subfield>
    <subfield code="i">132668</subfield>
    <subfield code="l">0</subfield>
    <subfield code="o">745.5(477) &#x413;68</subfield>
    <subfield code="p">132668</subfield>
    <subfield code="r">2021-12-09 00:00:00</subfield>
    <subfield code="w">2011-06-01</subfield>
    <subfield code="y">BK</subfield>
  </datafield>
</record>
